|
|
|
|
| LEADER |
00963nam a22002417a 4500 |
| 001 |
AAL7995 |
| 003 |
BD-DhAAL |
| 005 |
20160219202038.0 |
| 008 |
160219s 2010bg ||||| b||| 00| 0 ben d |
| 020 |
|
|
|a 9840748386
|
| 040 |
|
|
|a BD-DhAAL
|c BD-DhAAL
|
| 082 |
|
|
|a 190
|
| 100 |
|
|
|a হালিম, মোঃ আবদুল
|9 18072
|
| 245 |
|
|
|a পাশ্চাত্য দর্শনের ইতিহাস :
|b মধ্যযুগ /
|c মোঃ আবদুল হালিম
|
| 260 |
|
|
|a ঢাকা :
|b বাংলা একাডেমী,
|c ২০১০
|
| 300 |
|
|
|a ২১৭ পৃ. ;
|c ২২ সে.মি.
|
| 504 |
|
|
|6 Includes bibliographies
|
| 541 |
|
|
|e 7995
|
| 650 |
|
|
|a Philosophy
|x History.
|9 18073
|
| 852 |
|
|
|a Savar Campus Library
|c General Shelf
|
| 942 |
|
|
|2 ddc
|c BK
|
| 999 |
|
|
|c 36892
|d 36892
|
| 952 |
|
|
|0 0
|1 0
|2 ddc
|4 0
|6 190_000000000000000_HAL
|7 0
|9 58079
|a SCL
|b SCL
|c GEN
|d 2016-02-19
|g 140.00
|l 0
|o 190 HAL
|p 3020007995
|r 2019-07-31
|t 1
|w 2016-02-19
|y BK
|